Top 100 Transferts du Football en 2026 - Statistiques

Statistiques générales
  • Ce quiz a été pris 2 817 fois
    871 depuis la dernière actualisation
  • Le résultat moyen est 76 sur 100
Statistiques - réponses
Montant Départ Arrivée Saison Pays Joueur % Correct
180 000 000 € AS Monaco PSG 18/19 France Kylian Mbappé
99%
222 000 000 € FC Barcelone PSG 17/18 Brésil Neymar
99%
90 000 000 € PSG Al-Hilal 23/24 Brésil Neymar
99%
88 000 000 € Santos FC Barcelone 13/14 Brésil Neymar
99%
148 000 000 € Dortmund FC Barcelone 17/18 France Ousmane Dembélé
97%
117 000 000 € Real Madrid Juventus 18/19 Portugal Cristiano Ronaldo
96%
94 000 000 € Manchester United Real Madrid 09/10 Portugal Cristiano Ronaldo
96%
120 000 000 € Atlético Madrid FC Barcelone 19/20 France Antoine Griezmann
94%
145 000 000 € Newcastle Liverpool 25/26 Suède Alexander Isak
93%
77 500 000 € Real Sociedad Newcastle 22/23 Suède Alexander Isak
93%
127 000 000 € Dortmund Real Madrid 23/24 Angleterre Jude Bellingham
93%
125 000 000 € Bayer Leverkusen Liverpool 25/26 Allemagne Florian Wirtz
91%
105 000 000 € Juventus Manchester United 16/17 France Paul Pogba
91%
135 000 000 € Liverpool FC Barcelone 17/18 Brésil Philippe Coutinho
91%
120 080 000 € Chelsea Real Madrid 19/20 Belgique Eden Hazard
90%
95 000 000 € Francfort Liverpool 25/26 France Hugo Ekitiké
90%
101 000 000 € Tottenham Real Madrid 13/14 Pays de Galles Gareth Bale
89%
121 000 000 € Benfica Chelsea 22/23 Argentine Enzo Fernandez
87%
127 200 000 € Benfica Atlético Madrid 19/20 Portugal Joao Félix
87%
95 000 000 € Tottenham Bayern Munich 23/24 Angleterre Harry Kane
86%
116 600 000 € West Ham Arsenal 23/24 Angleterre Declan Rice
85%
113 000 000 € Inter Milan Chelsea 21/22 Belgique Romelu Lukaku
85%
84 700 000 € Everton Manchester United 17/18 Belgique Romelu Lukaku
85%
74 000 000 € Manchester United Inter Milan 19/20 Belgique Romelu Lukaku
85%
81 720 000 € Liverpool FC Barcelone 14/15 Uruguay Luis Suarez
84%
116 000 000 € Brighton Chelsea 23/24 Équateur Moisés Caicedo
84%
95 000 000 € Francfort PSG 23/24 France Randal Kolo Muani
84%
86 000 000 € Ajax FC Barcelone 19/20 Pays-Bas Frenkie de Jong
83%
117 500 000 € Aston Villa Manchester City 21/22 Angleterre Jack Grealish
83%
84 650 000 € Southampton Liverpool 17/18 Pays-Bas Virgil Van Dijk
82%
90 000 000 € RB Leipzig Manchester City 23/24 Croatie Josko Gvardiol
81%
77 500 000 € Juventus Real Madrid 01/02 France Zinédine Zidane
81%
95 000 000 € Ajax Manchester United 22/23 Brésil Antony
80%
80 000 000 € AS Monaco Real Madrid 22/23 France Aurélien Tchouaméni
80%
100 000 000 € Bayer Leverkusen Chelsea 20/21 Allemagne Kai Havertz
80%
75 000 000 € Chelsea Arsenal 23/24 Allemagne Kai Havertz
80%
76 000 000 € Wolfsburg Manchester City 15/16 Belgique Kevin De Bruyne
80%
78 900 000 € Lille OSC Naples 20/21 Nigéria Victor Osimhen
80%
75 000 000 € Naples Galatasaray 25/26 Nigéria Victor Osimhen
80%
85 000 000 € Benfica Liverpool 22/23 Uruguay Darwin Nunez
79%
68 000 000 € Inter Milan PSG 21/22 Maroc Achraf Hakimi
78%
70 000 000 € Naples PSG 24/25 Géorgie Khvicha Kvaratskhelia
78%
85 500 000 € Ajax Juventus 19/20 Pays-Bas Matthijs de Ligt
78%
67 000 000 € Juventus Bayern Munich 22/23 Pays-Bas Matthijs de Ligt
78%
75 000 000 € Real Madrid Manchester United 14/15 Argentine Angel Di Maria
77%
63 000 000 € Manchester United PSG 15/16 Argentine Angel Di Maria
77%
70 000 000 € Liverpool Bayern Munich 25/26 Colombie Luis Diaz
77%
64 500 000 € Naples PSG 13/14 Uruguay Edinson Cavani
76%
75 000 000 € AS Monaco Real Madrid 14/15 Colombie James Rodriguez
76%
75 000 000 € Francfort Manchester City 24/25 Égypte Omar Marmoush
76%
70 000 000 € Atlético Madrid Manchester City 19/20 Espagne Rodri
76%
66 900 000 € Sporting Arsenal 25/26 Suède Viktor Gyökeres
76%
69 500 000 € Inter Milan FC Barcelone 09/10 Suède Zlatan Ibrahimovic
76%
75 000 000 € Brentford Manchester United 25/26 Cameroun Bryan Mbeumo
75%
87 000 000 € Leicester Manchester United 19/20 Angleterre Harry Maguire
75%
85 000 000 € Dortmund Manchester United 21/22 Angleterre Jadon Sancho
75%
75 000 000 € Manchester City Atlético Madrid 24/25 Argentine Julian Alvarez
75%
80 000 000 € Lille OSC Arsenal 19/20 Côte d'Ivoire Nicolas Pépé
75%
67 800 000 € Leicester Manchester City 18/19 Algérie Riyad Mahrez
75%
65 920 000 € Benfica PSG 24/25 Portugal Joao Neves
74%
70 650 000 € Real Madrid Manchester United 22/23 Brésil Casemiro
73%
83 500 000 € Fiorentina Juventus 21/22 Serbie Dusan Vlahovic
73%
90 000 000 € Naples Juventus 16/17 Argentine Gonzalo Higuain
73%
80 000 000 € Atlético Madrid Bayern Munich 19/20 France Lucas Hernandez
73%
72 000 000 € AS Monaco Atlético Madrid 18/19 France Thomas Lemar
73%
70 000 000 € Shakhtar Donetsk Chelsea 22/23 Ukraine Mykhalo Mudryk
72%
63 750 000 € Dortmund Arsenal 17/18 Gabon Pierre-Emerick Aubameyang
71%
76 500 000 € RB Leipzig Manchester United 25/26 Slovénie Benjamin Sesko
70%
71 600 000 € Benfica Manchester City 20/21 Portugal Ruben Dias
70%
67 000 000 € AC Milan Real Madrid 09/10 Brésil Kaka
69%
74 200 000 € Wolverhampton Manchester United 25/26 Brésil Matheus Cunha
69%
69 300 000 € Crystal Palace Arsenal 25/26 Angleterre Eberechi Eze
68%
65 000 000 € Benfica PSG 23/24 Portugal Gonçalo Ramos
68%
72 500 000 € AS Roma Liverpool 18/19 Brésil Alisson Becker
67%
64 000 000 € Dortmund Chelsea 18/19 États-Unis Christian Pulisic
67%
62 500 000 € Bournemouth Real Madrid 25/26 Espagne Dean Huijsen
67%
70 000 000 € Real Sociedad Arsenal 25/26 Espagne Martin Zubimendi
67%
75 000 000 € Stuttgart Newcastle 25/26 Allemagne Nick Woltemade
67%
80 400 000 € Leicester Chelsea 22/23 France Wesley Fofana
67%
72 000 000 € Bournemouth Manchester City 25/26 Ghana Antoine Semenyo
66%
65 000 000 € Sporting Manchester United 19/20 Portugal Bruno Fernandes
66%
70 000 000 € RB Leipzig Liverpool 23/24 Hongrie Dominik Szoboszlai
66%
77 000 000 € Aston Villa Al-Nassr 24/25 Colombie Jhon Durán
65%
77 800 000 € Atalanta Manchester United 23/24 Danemark Rasmus Højlund
65%
65 000 000 € RB Leipzig Tottenham 25/26 Pays-Bas Xavi Simons
65%
80 600 000 € FC Barcelone Juventus 20/21 Brésil Arthur Melo
63%
63 000 000 € Bournemouth PSG 25/26 Ukraine Ilya Zabarnyi
63%
63 000 000 € Francfort Real Madrid 19/20 Serbie Luka Jovic
63%
80 000 000 € Athletic Bilbao Chelsea 18/19 Espagne Kepa Arrizabalaga
62%
65 300 000 € Brighton Chelsea 22/23 Espagne Marc Cucurella
60%
63 700 000 € Liverpool Manchester City 15/16 Angleterre Raheem Sterling
60%
65 000 000 € Juventus Manchester City 19/20 Portugal Joao Cancelo
59%
67 700 000 € Chelsea Manchester United 23/24 Angleterre Mason Mount
58%
63 700 000 € Brighton Chelsea 25/26 Brésil Joao Pedro
57%
65 000 000 € Athletic Bilbao Manchester City 17/18 Espagne Aymeric Laporte
56%
63 000 000 € Stade Rennais Liverpool 26/27 France Jérémy Jacquet
56%
63 800 000 € West Ham Tottenham 25/26 Ghana Mohammed Kudus
56%
68 250 000 € Atalanta Al-Qadsiah 25/26 Italie Mateo Retegui
51%
66 000 000 € Real Madrid Chelsea 17/18 Espagne Alvaro Morata
48%
64 300 000 € Bournemouth Tottenham 24/25 Angleterre Dominic Solanke
45%
Aucun quiz correspondant
Distribution des résultats
% des personnes avec chaque résultat
Percentile par nombre de réponses
Votre historique - résultats
Vous n’avez pas pris ce quiz depuis la dernière actualisation